| 000 | 00610nam a2200169Ia 4500 | ||
|---|---|---|---|
| 008 | 180921t2018 xxu||||| |||| 00| 0 sin d | ||
| 041 | _asin | ||
| 080 |
_a8-31 _bගුවේරා |
||
| 100 | _aගුවේරා, අර්නෙස්ටෝ චේ | ||
| 245 | _aමෝටර් සයිකල් දිනපොත | ||
| 260 |
_bදර්ශන ප්රකාශන _aබත්තරමුල්ල _c2018 |
||
| 300 | _aසෙ.මි.21, පි.248 | ||
| 700 |
_aමාලිනි ගෝවින්නගේ _eපරි. |
||
| 942 | _cBK | ||
| 999 |
_c11915 _d11915 |
||
| 003 | LK-CoDNM | ||
| 040 |
_aLK-CoDNM _dLK-CoDNM _eLK-CoDNM |
||